[Event "European Women-ch 2023"]
[Site "Petrovac"]
[Date "2023.03.19"]
[Round "2.15"]
[White "Kostina, Veronika"]
[Black "Koridze, Lile"]
[Result "0-1"]
[WhiteElo "1855"]
[BlackElo "2122"]
[Annotator "TA"]
[PlyCount "155"]
[EventDate "2023.03.15"]
[EventType "swiss"]
[EventCountry "MNE"]
[SourceTitle "playchess.com"]
[Source "ChessBase"]
[SourceQuality "1"]

1. c4 e5 2. Nc3 Nf6 3. Nf3 Nc6 4. e3 d5 5. cxd5 Nxd5 6. Bb5 Nxc3 7. bxc3 Bd6 8. d4 exd4 9. cxd4 O-O 10. O-O Bg4 11. h3 Bh5 12. Rb1 Qf6 13. Be2 Rab8 14. Bb2 Bg6 15. Bd3 Rfe8 16. Bc3 b6 17. Re1 a5 18. Bxg6 Qxg6 19. Qd2 Nb4 20. Rec1 Nd5 21. Qc2 Qh5 22. Bd2 Nf6 23. a4 Ne4 24. Rb5 Qg6 25. Be1 f6 26. Rcb1 Rbd8 27. Nh4 Qf7 28. Nf5 Bf8 29. f3 Nd6 30. Nxd6 Bxd6 31. Bf2 g6 32. e4 Bb4 33. Rc1 Rd7 34. d5 f5 35. Bd4 fxe4 36. fxe4 Qf4 37. Qc6 Rf8 38. Qe6+ Rdf7 39. Rd1 Bd6 40. e5 Bb4 41. Qg4 Qxg4 42. hxg4 Rf4 43. g5 Re4 44. g3 Rf5 45. e6 Rxg5 46. Kg2 Rf5 47. Rd3 h5 48. d6 Bxd6 49. Rxf5 gxf5 50. Bxb6 Rxa4 51. Bd4 Kf8 52. Bf6 Re4 53. e7+ Kf7 54. Bh4 Bxe7 55. Bxe7 Kxe7 56. Rd5 a4 57. Rxf5 h4 58. Kf3 Rb4 59. g4 a3 60. Ra5 Rb3+ 61. Kg2 Rg3+ 62. Kh2 Kd6 63. g5 c5 64. g6 Kd5 65. g7 Rxg7 66. Rxa3 Rg4 67. Ra8 Rd4 68. Kh3 Kc4 69. Rc8 Kb4 70. Rc7 c4 71. Rb7+ Kc3 72. Rc7 Kd3 73. Ra7 c3 74. Rc7 c2 75. Rc8 Kd2 76. Kh2 c1=Q 77. Rc7 Qc3 78. Rxc3 0-1

[Event "European Women-ch 2023"]
[Site "Petrovac"]
[Date "2023.03.19"]
[Round "2.16"]
[White "Stefanova, Antoaneta"]
[Black "Toncheva, Nadya"]
[Result "0-1"]
[WhiteElo "2435"]
[BlackElo "2192"]
[Annotator "TA"]
[PlyCount "142"]
[EventDate "2023.03.15"]
[EventType "swiss"]
[EventCountry "MNE"]
[SourceTitle "playchess.com"]
[Source "ChessBase"]
[SourceQuality "1"]

1. d4 d5 2. c4 c6 3. Nf3 Nf6 4. Qb3 dxc4 5. Qxc4 g6 6. g3 Bg7 7. Bg2 O-O 8. O-O Bf5 9. Rd1 Nbd7 10. Nh4 Nb6 11. Qb3 Bg4 12. f3 Be6 13. Qc2 Ne8 14. f4 Nd6 15. Nc3 Nf5 16. Nf3 Nd5 17. Qd3 Nb4 18. Qb1 Qb6 19. e3 Rad8 20. a3 Nd5 21. Qd3 Nc7 22. b4 Bb3 23. Rd2 Nd6 24. Qb1 Be6 25. Na4 Qb5 26. Nc5 a5 27. Bf1 Qb6 28. Rb2 Bf5 29. Qa2 axb4 30. Rxb4 Qa7 31. Qb2 Nd5 32. Ra4 Qb8 33. Ne5 f6 34. Nf3 b6 35. Na6 Qb7 36. Nb4 b5 37. Nxd5 bxa4 38. Qxb7 Nxb7 39. Nxe7+ Kh8 40. Nxf5 gxf5 41. Rb1 Nd6 42. Rb6 Ne4 43. Rxc6 Rc8 44. d5 Nc3 45. Ba6 Rxc6 46. dxc6 Nd5 47. Nd4 Nc7 48. Bb7 Rd8 49. Kf2 Bf8 50. Ke2 Rd5 51. Bb2 Kg7 52. Bc8 Kg6 53. Bd7 Bc5 54. Nf3 Kf7 55. h3 Bb6 56. Nd4 Bxd4 57. exd4 Rb5 58. Bc3 Ke7 59. Kd3 Nd5 60. Be1 Rb3+ 61. Kc2 Rxa3 62. Ba5 Rxg3 63. Kb2 Rb3+ 64. Kc2 Rxh3 65. Kb2 Rb3+ 66. Ka2 Nc3+ 67. Bxc3 Rxc3 68. d5 Kd6 69. Kb2 Rb3+ 70. Ka2 h5 71. Bxf5 h4 0-1

[Event "European Women-ch 2023"]
[Site "Petrovac"]
[Date "2023.03.19"]
[Round "2.16"]
[White "Tsirulnik, Maritsa"]
[Black "Karaivanova, Petya"]
[Result "1-0"]
[WhiteElo "2121"]
[BlackElo "1875"]
[Annotator "TA"]
[PlyCount "115"]
[EventDate "2023.03.15"]
[EventType "swiss"]
[EventCountry "MNE"]
[SourceTitle "playchess.com"]
[Source "ChessBase"]
[SourceQuality "1"]

1. d4 d5 2. c4 e6 3. Nf3 Nf6 4. g3 Bb4+ 5. Bd2 Be7 6. Bg2 c6 7. Qc2 Nbd7 8. O-O O-O 9. Bf4 b6 10. Nbd2 Ba6 11. Rfd1 Nh5 12. b3 Rc8 13. Nf1 Nxf4 14. gxf4 Bb7 15. Ne5 f6 16. Nd3 Qc7 17. Bh3 f5 18. b4 c5 19. bxc5 bxc5 20. cxd5 Bxd5 21. Ne3 Be4 22. Qc4 Rf6 23. Ne5 Nb6 24. Qc3 Nd5 25. Nxd5 Bxd5 26. Bg2 Bxg2 27. Kxg2 Bd6 28. dxc5 Bxe5 29. fxe5 Qc6+ 30. f3 Rg6+ 31. Kh1 Qb5 32. Rab1 Qxe2 33. Rd2 Qa6 34. c6 h6 35. c7 Kh7 36. Rc2 Qa4 37. Qc4 Qd7 38. a4 Qe7 39. Rbc1 Qa3 40. Rc3 Qb2 41. Qf1 Rg5 42. Rc5 Qb7 43. Rb1 Qa8 44. a5 a6 45. Rb6 Qa7 46. Qc4 Qa8 47. Qd3 Qa7 48. Qd7 Qa8 49. Qc6 Rxc7 50. Qxa8 Rxc5 51. Rb1 Rc2 52. Qe8 Rgg2 53. Qh5 Rgd2 54. Rg1 g5 55. Rb1 Rc7 56. Qe8 g4 57. fxg4 fxg4 58. Qxe6 1-0

[Event "European Women-ch 2023"]
[Site "Petrovac"]
[Date "2023.03.19"]
[Round "2.17"]
[White "Lehaci, Miruna-Daria"]
[Black "Arabidze, Meri"]
[Result "1/2-1/2"]
[WhiteElo "2202"]
[BlackElo "2433"]
[Annotator "TA"]
[PlyCount "104"]
[EventDate "2023.03.15"]
[EventType "swiss"]
[EventCountry "MNE"]
[SourceTitle "playchess.com"]
[Source "ChessBase"]
[SourceQuality "1"]

1. e4 e5 2. Nf3 Nc6 3. Bb5 a6 4. Ba4 Nf6 5. d3 b5 6. Bb3 Bc5 7. Nc3 d6 8. Nd5 h6 9. c3 Bd7 10. h3 Ba7 11. Qe2 Rb8 12. Be3 Bxe3 13. Nxf6+ Qxf6 14. fxe3 Qd8 15. O-O O-O 16. Nh2 Na5 17. Bc2 c5 18. Rf3 Qh4 19. Nf1 b4 20. cxb4 Rxb4 21. b3 Nc6 22. Ng3 a5 23. Raf1 Rbb8 24. Nf5 Bxf5 25. Rxf5 Qe7 26. Bd1 Nd8 27. Qe1 Ra8 28. Bh5 f6 29. R5f2 Kh7 30. Qc3 Ne6 31. Qc4 Nc7 32. Rc2 Rfb8 33. Qc3 Rb4 34. Qe1 Ne6 35. Qg3 Nf8 36. Rcf2 a4 37. Bd1 a3 38. Qh4 d5 39. Bg4 d4 40. Qg3 dxe3 41. Qxe3 Rd4 42. Rc2 Qd6 43. Rfc1 Ra5 44. Rc3 Kg8 45. Bf5 Rb5 46. h4 Rb8 47. Kf1 Rd8 48. Ke2 Kh8 49. h5 Nh7 50. Bxh7 Kxh7 51. g4 Kh8 52. R1c2 Qd7 1/2-1/2

[Event "European Women-ch 2023"]
[Site "Petrovac"]
[Date "2023.03.19"]
[Round "2.17"]
[White "Paasikangas, Johanna"]
[Black "Bakalarz, Grazyna"]
[Result "1/2-1/2"]
[WhiteElo "2115"]
[BlackElo "1847"]
[Annotator "TA"]
[PlyCount "107"]
[EventDate "2023.03.15"]
[EventType "swiss"]
[EventCountry "MNE"]
[SourceTitle "playchess.com"]
[Source "ChessBase"]
[SourceQuality "1"]

1. e4 c5 2. Nf3 Nc6 3. Bb5 e6 4. O-O Nge7 5. Re1 a6 6. Bf1 d5 7. exd5 Qxd5 8. Nc3 Qd8 9. d3 Nd5 10. Ne4 Be7 11. c3 O-O 12. d4 cxd4 13. Nxd4 Nxd4 14. Qxd4 b5 15. a4 Bd7 16. axb5 axb5 17. Rxa8 Qxa8 18. Bg5 Bxg5 19. Nxg5 h6 20. Nf3 Qa4 21. Qd2 Rb8 22. Nd4 Qa2 23. h3 b4 24. c4 Nf6 25. Qc1 Qa5 26. Qf4 Rc8 27. b3 Be8 28. Qe3 Rd8 29. Nf3 Bc6 30. Ne5 Be4 31. Ng4 Nxg4 32. Qxe4 Nf6 33. Qc2 Rd4 34. Be2 Ne4 35. Rd1 Rxd1+ 36. Bxd1 Qa1 37. Kf1 Qd4 38. Ke1 Nc5 39. Qd2 Qxd2+ 40. Kxd2 Kf8 41. Ke3 Ke7 42. Kd4 Kd6 43. f4 f6 44. Bc2 g5 45. g3 e5+ 46. fxe5+ fxe5+ 47. Ke3 Ke6 48. h4 Kf6 49. Kf3 gxh4 50. gxh4 h5 51. Ke3 Kg7 52. Bd1 Kg6 53. Bc2+ Kg7 54. Bd1 1/2-1/2

[Event "European Women-ch 2023"]
[Site "Petrovac"]
[Date "2023.03.19"]
[Round "2.18"]
[White "Popovic, Mateja"]
[Black "Dwilewicz, Katarzyna"]
[Result "0-1"]
[WhiteElo "1832"]
[BlackElo "2114"]
[Annotator "TA"]
[PlyCount "108"]
[EventDate "2023.03.15"]
[EventType "swiss"]
[EventCountry "MNE"]
[SourceTitle "playchess.com"]
[Source "ChessBase"]
[SourceQuality "1"]

1. d4 Nf6 2. c4 e6 3. Nc3 Bb4 4. Qc2 Nc6 5. Nf3 d6 6. e4 Bxc3+ 7. bxc3 e5 8. d5 Ne7 9. c5 O-O 10. Be2 Ng6 11. cxd6 cxd6 12. O-O Bg4 13. h3 Bd7 14. Kh2 Rc8 15. Ba3 Qc7 16. g3 Ne8 17. c4 f5 18. Nd2 Qa5 19. Qb2 f4 20. Nb3 Qd8 21. Nd2 Qg5 22. g4 f3 23. Bxf3 Nf4 24. Rg1 Rf6 25. Rg3 Rh6 26. Bg2 Nf6 27. Nf3 Nxg4+ 28. Kg1 Qh5 29. Qxb7 Ne2+ 30. Kf1 Nxg3+ 31. fxg3 Ne3+ 32. Kf2 Nxg2 33. Qxd7 Rf8 34. Qg4 Qxg4 35. hxg4 Rhf6 36. Kxg2 Rxf3 37. Bxd6 Rf2+ 38. Kg1 R8f3 39. Bxe5 Rc2 40. Re1 Kf7 41. Rb1 Kg6 42. c5 Rxc5 43. Bf4 Rd3 44. d6 Rc2 45. Re1 Kf6 46. e5+ Ke6 47. a4 a5 48. g5 Rd4 49. Kf1 Rh2 50. Kg1 Ra2 51. Rc1 Rdxa4 52. Rd1 Ra1 53. Bc1 Rc4 54. d7 Rcxc1 0-1

[Event "European Women-ch 2023"]
[Site "Petrovac"]
[Date "2023.03.19"]
[Round "2.19"]
[White "Buksa, Nataliya"]
[Black "Aydin, Gulenay"]
[Result "1-0"]
[WhiteElo "2405"]
[BlackElo "2039"]
[Annotator "TA"]
[PlyCount "105"]
[EventDate "2023.03.15"]
[EventType "swiss"]
[EventCountry "MNE"]
[SourceTitle "playchess.com"]
[Source "ChessBase"]
[SourceQuality "1"]

1. e4 d6 2. d4 Nf6 3. Nc3 e5 4. Nf3 Nbd7 5. Bc4 Be7 6. O-O O-O 7. Re1 c6 8. a4 h6 9. h3 Re8 10. a5 Rb8 11. b3 b5 12. axb6 axb6 13. Bb2 b5 14. Bd3 Bf8 15. Ne2 Qc7 16. Ng3 Bb7 17. Qd2 g6 18. h4 h5 19. Ng5 Bg7 20. c3 Rbd8 21. Qc2 Qb8 22. Rf1 Nf8 23. dxe5 dxe5 24. c4 Bc8 25. cxb5 cxb5 26. Qe2 Bg4 27. Qe3 Ne6 28. Ra5 Nd4 29. Bxd4 exd4 30. Qd2 Bd7 31. Qb4 Qf4 32. Nf3 Ng4 33. Ne2 Qc7 34. Rc1 Qb7 35. Rca1 Bf8 36. Qd2 Bc6 37. Ra7 Qb8 38. Ng3 Bd6 39. Nxh5 Bxe4 40. Rxf7 Kxf7 41. Bxe4 Bh2+ 42. Kf1 Ne3+ 43. fxe3 gxh5 44. Qc2 Kg7 45. exd4 Qf4 46. Ra7+ Kf8 47. Qc5+ Rd6 48. Bd5 Bg3 49. Rf7+ Qxf7 50. Bxf7 Kxf7 51. Qxh5+ Rg6 52. Ng5+ Kf8 53. Qf3+ 1-0

[Event "European Women-ch 2023"]
[Site "Petrovac"]
[Date "2023.03.19"]
[Round "2.19"]
[White "Silva, Ana Ines Teixeira Da"]
[Black "Vidic, Teja"]
[Result "0-1"]
[WhiteElo "1792"]
[BlackElo "2097"]
[Annotator "TA"]
[PlyCount "124"]
[EventDate "2023.03.15"]
[EventType "swiss"]
[EventCountry "MNE"]
[SourceTitle "playchess.com"]
[Source "ChessBase"]
[SourceQuality "1"]

1. e4 c5 2. c3 Nf6 3. e5 Nd5 4. Nf3 Nc6 5. Bc4 Nb6 6. Bb3 d5 7. exd6 Qxd6 8. O-O Be6 9. Bxe6 Qxe6 10. a4 Qd7 11. a5 Nd5 12. a6 b6 13. d4 e6 14. Na3 cxd4 15. Nxd4 Bc5 16. Nb3 Be7 17. c4 Nf6 18. Qf3 Rd8 19. Bf4 O-O 20. Rfd1 Qc8 21. Nb5 Rxd1+ 22. Qxd1 Rd8 23. Qe2 Rd7 24. Be3 Ne8 25. c5 bxc5 26. Nxc5 Rd5 27. Rc1 Bxc5 28. Rxc5 Rxc5 29. Bxc5 Qxa6 30. h3 Nc7 31. Nc3 Qxe2 32. Nxe2 f6 33. Nc3 e5 34. Kf1 Ne6 35. Be3 Ned4 36. Ne2 Kf7 37. Nxd4 exd4 38. Bd2 Ke6 39. Ke2 Kd5 40. Kd3 g5 41. b3 Ne5+ 42. Ke2 Nd7 43. Kd3 Nc5+ 44. Kc2 Ke4 45. f3+ Ke5 46. Bb4 Ne6 47. g3 h5 48. Kd3 h4 49. Be1 hxg3 50. Bxg3+ Kd5 51. b4 a6 52. Bh2 Nd8 53. Bg3 Nc6 54. Be1 Ne5+ 55. Ke2 Kc4 56. f4 gxf4 57. h4 f3+ 58. Kd2 Ng4 59. h5 f2 60. Bxf2 Nxf2 61. h6 Ne4+ 62. Ke2 Ng5 0-1

[Event "European Women-ch 2023"]
[Site "Petrovac"]
[Date "2023.03.19"]
[Round "2.20"]
[White "Gaboyan, Susanna"]
[Black "Narva, Mai"]
[Result "0-1"]
[WhiteElo "2160"]
[BlackElo "2389"]
[Annotator "TA"]
[PlyCount "84"]
[EventDate "2023.03.15"]
[EventType "swiss"]
[EventCountry "MNE"]
[SourceTitle "playchess.com"]
[Source "ChessBase"]
[SourceQuality "1"]

1. Nf3 d5 2. g3 b6 3. Bg2 Bb7 4. O-O Nf6 5. d4 e6 6. c4 dxc4 7. Qa4+ Nbd7 8. Qxc4 a6 9. Bf4 c5 10. Nc3 b5 11. Qd3 cxd4 12. Qxd4 Bc5 13. Qd3 O-O 14. Bd6 Bxd6 15. Qxd6 Nb6 16. Qb4 Rc8 17. Rfd1 Qc7 18. a4 Nbd5 19. Nxd5 Nxd5 20. Qd4 b4 21. e4 Nf6 22. Qxb4 Bxe4 23. Nd4 Bxg2 24. Kxg2 Rb8 25. Qc3 Qb7+ 26. Qc6 Qxc6+ 27. Nxc6 Rxb2 28. Rab1 Ra2 29. Rd4 Nd5 30. Rb7 Nc3 31. a5 g5 32. h4 h6 33. hxg5 hxg5 34. Rg4 Kh7 35. Rb3 Nd1 36. Rf3 f5 37. Rxg5 Kh6 38. Nd4 Re8 39. Nxe6 Rxe6 40. Rg8 Kh7 41. Rd8 Ne3+ 42. Rxe3 Rxe3 0-1

[Event "European Women-ch 2023"]
[Site "Petrovac"]
[Date "2023.03.19"]
[Round "2.20"]
[White "Abdinova, Narmin"]
[Black "Zhezhovska, Monika"]
[Result "0-1"]
[WhiteElo "2090"]
[BlackElo "1761"]
[Annotator "TA"]
[PlyCount "110"]
[EventDate "2023.03.15"]
[EventType "swiss"]
[EventCountry "MNE"]
[SourceTitle "playchess.com"]
[Source "ChessBase"]
[SourceQuality "1"]

1. e4 c5 2. Nf3 Nc6 3. d4 cxd4 4. Nxd4 Nf6 5. f3 d6 6. c4 g6 7. Nc3 Bg7 8. Be2 Nxe4 9. Nxc6 Nxc3 10. Nxd8 Nxd1 11. Nxf7 Kxf7 12. Kxd1 Be6 13. Be3 b6 14. Kc2 Rhc8 15. Rac1 b5 16. c5 dxc5 17. Bd3 c4 18. Be4 Bf5 19. Bxf5 gxf5 20. Rcd1 Rd8 21. g4 e6 22. h4 a5 23. Bb6 Rd5 24. gxf5 Rxf5 25. Rd7+ Kg8 26. Rg1 Rf7 27. Rd6 Rxf3 28. h5 h6 29. Rxe6 Kf7 30. Rc6 Bf6 31. Rc7+ Ke6 32. Rc6+ Kf7 33. Rc7+ Ke6 34. Re1+ Kd6 35. Rd1+ Rd3 36. Rh7 Rxd1 37. Kxd1 Bg5 38. Rg7 b4 39. Kc2 a4 40. Bc7+ Kd5 41. Rg6 Rf8 42. b3 Rf2+ 43. Kb1 axb3 44. axb3 c3 45. Rd6+ Kc5 46. Bb6+ Kxd6 47. Bxf2 Kd5 48. Kc2 Be7 49. Be3 Bf8 50. Kd3 Ke5 51. Ke2 Ke4 52. Bc1 Bg7 53. Be3 c2 54. Bc1 Bc3 55. Bxh6 Bb2 0-1

[Event "European Women-ch 2023"]
[Site "Petrovac"]
[Date "2023.03.19"]
[Round "2.21"]
[White "Pogorelskikh, Sofia"]
[Black "Balajayeva, Khanim"]
[Result "1/2-1/2"]
[WhiteElo "2102"]
[BlackElo "2372"]
[Annotator "TA"]
[PlyCount "62"]
[EventDate "2023.03.15"]
[EventType "swiss"]
[EventCountry "MNE"]
[SourceTitle "playchess.com"]
[Source "ChessBase"]
[SourceQuality "1"]

1. e4 e5 2. Nf3 Nc6 3. Bb5 a6 4. Ba4 d6 5. c3 Bd7 6. O-O g6 7. d4 Bg7 8. d5 Nce7 9. Bxd7+ Qxd7 10. c4 h6 11. Nc3 f5 12. Nd2 Nf6 13. Rb1 O-O 14. b4 Rf7 15. a4 f4 16. a5 g5 17. c5 Bf8 18. Ba3 Ng6 19. f3 Rg7 20. Qa4 Qc8 21. h3 h5 22. Kf2 Nh4 23. Rh1 g4 24. hxg4 Nxg4+ 25. Ke2 Nxg2 26. Rxh5 Nf6 27. Rh2 Ne3 28. Rbh1 Nh7 29. Nd1 Nxd1 30. Kxd1 Qd8 31. c6 Qe8 1/2-1/2

[Event "European Women-ch 2023"]
[Site "Petrovac"]
[Date "2023.03.19"]
[Round "2.21"]
[White "Gamal, Alaa"]
[Black "Hapala, Elisabeth"]
[Result "0-1"]
[WhiteElo "1748"]
[BlackElo "2072"]
[Annotator "TA"]
[PlyCount "104"]
[EventDate "2023.03.15"]
[EventType "swiss"]
[EventCountry "MNE"]
[SourceTitle "playchess.com"]
[Source "ChessBase"]
[SourceQuality "1"]

1. d4 Nf6 2. c4 e6 3. Nf3 Bb4+ 4. Nbd2 O-O 5. a3 Be7 6. e4 d6 7. Bd3 e5 8. d5 a5 9. h3 a4 10. Nb1 Nbd7 11. Nc3 Nc5 12. Bc2 c6 13. Be3 Nfd7 14. g4 Qa5 15. O-O Nb6 16. Nd2 cxd5 17. cxd5 Bd7 18. Qe2 Qa6 19. Qf3 Nc4 20. Nxc4 Qxc4 21. Rad1 Rfc8 22. Qg3 Be8 23. h4 Nd7 24. g5 f6 25. Bd3 Qc7 26. Be2 fxg5 27. hxg5 Nf8 28. Bg4 Bd7 29. Bh5 Qd8 30. Kg2 Be8 31. Bg4 Bd7 32. Bh5 b5 33. Rh1 Be8 34. Bg4 Bd7 35. Bf5 g6 36. Bh3 Rc4 37. Rc1 b4 38. axb4 Rxb4 39. Bxd7 Qxd7 40. Rc2 Qb7 41. Bc1 Rc8 42. f3 Rb3 43. Qe1 Bd8 44. Rh2 Ba5 45. Kg3 a3 46. Bd2 axb2 47. Qb1 Bxc3 48. Bxc3 Rcxc3 49. Rxc3 Rxc3 50. Rxb2 Qf7 51. Qh1 Qf4+ 52. Kg2 Qxf3+ 0-1

[Event "European Women-ch 2023"]
[Site "Petrovac"]
[Date "2023.03.19"]
[Round "2.22"]
[White "Berke, Ana"]
[Black "Melia, Salome"]
[Result "1/2-1/2"]
[WhiteElo "2107"]
[BlackElo "2366"]
[Annotator "TA"]
[PlyCount "87"]
[EventDate "2023.03.15"]
[EventType "swiss"]
[EventCountry "MNE"]
[SourceTitle "playchess.com"]
[Source "ChessBase"]
[SourceQuality "1"]

1. e4 c5 2. Nf3 Nc6 3. Bb5 d6 4. Bxc6+ bxc6 5. e5 dxe5 6. Nxe5 Qd5 7. Nf3 Qe4+ 8. Qe2 Qxc2 9. Na3 Qf5 10. O-O Nf6 11. d4 e6 12. Be3 Nd5 13. Nc4 Be7 14. Rac1 O-O 15. dxc5 Ba6 16. Rfe1 Qh5 17. Qc2 Bxc4 18. Qxc4 Rab8 19. Bd4 Rb4 20. Qc2 Nf4 21. Be5 Bf6 22. Bxf4 Rxf4 23. b3 g6 24. Red1 e5 25. Re1 Re8 26. Re4 Qf5 27. Rce1 Rd8 28. h3 Rd5 29. b4 Rxe4 30. Rxe4 Qd7 31. a4 Bg7 32. Re2 f5 33. Rd2 e4 34. Rxd5 Qxd5 35. Nd2 Bh6 36. Nf1 f4 37. b5 Bf8 38. bxc6 Qxc6 39. Qc4+ Kg7 40. Qd4+ Kf7 41. Qc4+ Kg7 42. Qd4+ Kf7 43. Qc4+ Kg7 44. Qd4+ 1/2-1/2

[Event "European Women-ch 2023"]
[Site "Petrovac"]
[Date "2023.03.19"]
[Round "2.23"]
[White "Golsta, Ramona"]
[Black "Gaponenko, Inna"]
[Result "0-1"]
[WhiteElo "1760"]
[BlackElo "2349"]
[Annotator "TA"]
[PlyCount "132"]
[EventDate "2023.03.15"]
[EventType "swiss"]
[EventCountry "MNE"]
[SourceTitle "playchess.com"]
[Source "ChessBase"]
[SourceQuality "1"]

1. d4 Nf6 2. c4 e6 3. Nc3 Bb4 4. f3 d5 5. a3 Bxc3+ 6. bxc3 O-O 7. e3 c5 8. cxd5 Nxd5 9. Bd3 Nxc3 10. Qc2 cxd4 11. Bb2 h6 12. Bxc3 dxc3 13. Ne2 Nc6 14. Qxc3 Qa5 15. Rc1 Bd7 16. Kf2 Qxc3 17. Rxc3 Rac8 18. Rd1 Ne5 19. Be4 Rxc3 20. Nxc3 Rc8 21. Ne2 Rc7 22. Nd4 Kf8 23. Rb1 b6 24. f4 Ng4+ 25. Kf3 Nf6 26. g4 Rc3 27. Rb3 Rc1 28. Bd3 Bc6+ 29. Nxc6 Rxc6 30. h4 h5 31. g5 Ng4 32. Bb5 Rc2 33. Rd3 g6 34. Rd8+ Kg7 35. Rd7 Rc3 36. Rd3 Rxd3 37. Bxd3 Kf8 38. Bb5 Ke7 39. Bd3 f5 40. Bc2 e5 41. e4 fxe4+ 42. Bxe4 exf4 43. Kxf4 Kf7 44. Bd5+ Kf8 45. Bb3 Nh2 46. Bc4 Ng4 47. Bb3 Ke7 48. Bc2 Kf7 49. Bb3+ Kg7 50. Bd1 Nf2 51. Be2 Kf7 52. Kf3 Ng4 53. Kf4 Ke6 54. Bd3 Ne5 55. Bc2 Kd5 56. Be4+ Kd4 57. Bc2 b5 58. Bd1 a5 59. Be2 b4 60. axb4 axb4 61. Bd1 Nd3+ 62. Kf3 Nc5 63. Bc2 b3 64. Bxg6 Nd3 65. Bxd3 Kxd3 66. g6 b2 0-1

[Event "European Women-ch 2023"]
[Site "Petrovac"]
[Date "2023.03.19"]
[Round "2.24"]
[White "Daulyte-Cornette, Deimante"]
[Black "Spalir, Monika"]
[Result "1-0"]
[WhiteElo "2344"]
[BlackElo "2125"]
[Annotator "TA"]
[PlyCount "91"]
[EventDate "2023.03.15"]
[EventType "swiss"]
[EventCountry "MNE"]
[SourceTitle "playchess.com"]
[Source "ChessBase"]
[SourceQuality "1"]

1. e4 e5 2. Nf3 Nc6 3. d4 exd4 4. Nxd4 Bc5 5. Nb3 Bb6 6. Nc3 Nf6 7. Bg5 h6 8. Bh4 d6 9. f3 Be6 10. Bb5 a6 11. Bxc6+ bxc6 12. Qe2 g5 13. Bf2 Bxf2+ 14. Qxf2 a5 15. O-O-O Bxb3 16. axb3 Nd7 17. h4 Qf6 18. g3 Nb6 19. e5 dxe5 20. Ne4 Qe7 21. hxg5 a4 22. Rxh6 Rxh6 23. gxh6 f5 24. Nd6+ Kf8 25. Nxf5 Qg5+ 26. Ne3 axb3 27. Kb1 Qg8 28. f4 bxc2+ 29. Nxc2 Qa2+ 30. Kc1 Nc4 31. fxe5+ Ke8 32. Qd4 Qxb2+ 33. Qxb2 Nxb2 34. Kxb2 Kf7 35. Rh1 Ke6 36. h7 Rh8 37. Rh5 c5 38. Ne3 Kf7 39. Nd5 Kg7 40. Nf6 Kg6 41. g4 c4 42. Kc3 c5 43. Kxc4 Kf7 44. Rg5 Ke7 45. Rg8 Rxg8 46. Nxg8+ 1-0

[Event "European Women-ch 2023"]
[Site "Petrovac"]
[Date "2023.03.19"]
[Round "2.25"]
[White "Dylag, Emilia"]
[Black "Gueci, Tea"]
[Result "1-0"]
[WhiteElo "2052"]
[BlackElo "2227"]
[Annotator "TA"]
[PlyCount "67"]
[EventDate "2023.03.15"]
[EventType "swiss"]
[EventCountry "MNE"]
[SourceTitle "playchess.com"]
[Source "ChessBase"]
[SourceQuality "1"]

1. d4 Nf6 2. c4 e6 3. g3 c5 4. d5 exd5 5. cxd5 d6 6. Nc3 g6 7. Bg2 Bg7 8. Nf3 O-O 9. O-O Nbd7 10. Bf4 Qe7 11. a4 a6 12. Re1 Rb8 13. e4 Ng4 14. Bg5 f6 15. Bc1 Nge5 16. Nxe5 Nxe5 17. f4 Nf7 18. Be3 b5 19. axb5 axb5 20. b4 f5 21. Rc1 cxb4 22. Na2 Ra8 23. Nxb4 Ra4 24. Nc6 Qb7 25. e5 dxe5 26. fxe5 Nxe5 27. Nxe5 Bxe5 28. d6 Qg7 29. Qd5+ Kh8 30. Bg5 Re4 31. Bxe4 Bd4+ 32. Kh1 fxe4 33. Rxc8 Rxc8 34. d7 1-0

[Event "European Women-ch 2023"]
[Site "Petrovac"]
[Date "2023.03.19"]
[Round "2.26"]
[White "Abdulla, Khayala"]
[Black "Ivanovic, Tara"]
[Result "1-0"]
[WhiteElo "2221"]
[BlackElo "1472"]
[Annotator "TA"]
[PlyCount "55"]
[EventDate "2023.03.15"]
[EventType "swiss"]
[EventCountry "MNE"]
[SourceTitle "playchess.com"]
[Source "ChessBase"]
[SourceQuality "1"]

1. e4 e5 2. Nf3 Nc6 3. Bb5 a6 4. Ba4 Nf6 5. d3 b5 6. Bb3 Be7 7. a4 Bb7 8. Nc3 b4 9. Ne2 a5 10. Ng3 O-O 11. Nf5 d6 12. Bg5 Re8 13. Qd2 Bf8 14. Bh4 Bc8 15. Bd5 Bxf5 16. Bxc6 Bg6 17. Bxe8 Qxe8 18. Bxf6 gxf6 19. O-O c6 20. Nh4 d5 21. Qe2 Qd7 22. exd5 cxd5 23. f4 Qa7+ 24. Kh1 Qd4 25. Nxg6 fxg6 26. fxe5 fxe5 27. Qf3 Qxb2 28. Qxd5+ 1-0

[Event "European Women-ch 2023"]
[Site "Petrovac"]
[Date "2023.03.19"]
[Round "2.27"]
[White "Chelushkina, Irina"]
[Black "Goriachkina, Oksana"]
[Result "1-0"]
[WhiteElo "2207"]
[BlackElo "1759"]
[Annotator "TA"]
[PlyCount "59"]
[EventDate "2023.03.15"]
[EventType "swiss"]
[EventCountry "MNE"]
[SourceTitle "playchess.com"]
[Source "ChessBase"]
[SourceQuality "1"]

1. e4 c6 2. Nf3 d5 3. Nc3 Bg4 4. h3 Bxf3 5. Qxf3 e6 6. g3 Nf6 7. Bg2 Nbd7 8. exd5 exd5 9. O-O Be7 10. Nd1 O-O 11. Ne3 Bc5 12. Nf5 Re8 13. d4 Bb6 14. Bg5 g6 15. Nh6+ Kg7 16. c3 Qc8 17. h4 Rf8 18. Bh3 Qc7 19. Rfe1 Ne4 20. Be7 f5 21. Bg5 Nxg5 22. hxg5 Qd8 23. Qf4 Bc7 24. Qh4 Nb6 25. Re6 Qd7 26. Rae1 Rae8 27. Nxf5+ gxf5 28. Qh6+ Kg8 29. Bxf5 Qf7 30. g6 1-0

[Event "European Women-ch 2023"]
[Site "Petrovac"]
[Date "2023.03.19"]
[Round "2.28"]
[White "Efroimski, Marsel"]
[Black "Pirvulescu, Ekaterina"]
[Result "1-0"]
[WhiteElo "2451"]
[BlackElo "2032"]
[Annotator "TA"]
[PlyCount "129"]
[EventDate "2023.03.15"]
[EventType "swiss"]
[EventCountry "MNE"]
[SourceTitle "playchess.com"]
[Source "ChessBase"]
[SourceQuality "1"]

1. e4 c5 2. Nf3 e6 3. d4 cxd4 4. Nxd4 Nc6 5. Nc3 Qc7 6. Be3 a6 7. Qf3 Bd6 8. O-O-O Be5 9. Nxc6 bxc6 10. Bd4 Bxd4 11. Rxd4 d5 12. Qg3 Qxg3 13. hxg3 Nf6 14. e5 Nd7 15. f4 h6 16. g4 Rg8 17. Be2 c5 18. Rdd1 Bb7 19. Bf3 Ke7 20. Ne2 Rab8 21. Rde1 Ba8 22. Ng3 Rb4 23. f5 Rgb8 24. b3 a5 25. Nh5 Rg8 26. Rhf1 g6 27. fxe6 fxe6 28. c3 Rbb8 29. Nf4 Rbf8 30. Nd3 c4 31. Nf2 cxb3 32. axb3 Rb8 33. Kc2 Nc5 34. Rb1 Rb6 35. Rh1 Rh8 36. Rh3 Kf7 37. Nd3 Nxd3 38. Kxd3 Kg7 39. Kc2 Bc6 40. Be2 g5 41. Bd3 d4 42. cxd4 Bxg2 43. Rg3 Rc8+ 44. Kd2 Bd5 45. Ra1 Rxb3 46. Rxa5 Rb2+ 47. Ke3 Rc3 48. Rc5 Ra3 49. Rc7+ Kg8 50. Rg1 Rbb3 51. Rd1 Bb7 52. Rc2 Ba6 53. Rcd2 Kg7 54. Ke2 Bxd3+ 55. Rxd3 Kg6 56. Rxb3 Rxb3 57. Rf1 Rg3 58. Rf6+ Kg7 59. Rxe6 Rxg4 60. d5 Rd4 61. d6 h5 62. Re7+ Kg6 63. d7 h4 64. Re6+ Kf7 65. Rd6 1-0

[Event "European Women-ch 2023"]
[Site "Petrovac"]
[Date "2023.03.20"]
[Round "3.1"]
[White "Fataliyeva, Ulviyya"]
[Black "Antolak, Julia"]
[Result "1-0"]
[WhiteElo "2427"]
[BlackElo "2276"]
[Annotator "TA"]
[PlyCount "77"]
[EventDate "2023.03.15"]
[EventType "swiss"]
[EventCountry "MNE"]
[SourceTitle "playchess.com"]
[Source "ChessBase"]
[SourceQuality "1"]

1. c4 Nf6 2. Nf3 g6 3. b4 Bg7 4. Bb2 d6 5. g3 O-O 6. Bg2 a5 7. b5 e5 8. O-O c6 9. Na3 Re8 10. d3 Nbd7 11. Nd2 c5 12. Bc3 Nb6 13. Rc1 Qc7 14. Nb3 a4 15. Nd2 d5 16. cxd5 Nbxd5 17. Bb2 b6 18. Rc4 Bb7 19. Rxa4 Nb4 20. Bxb7 Rxa4 21. Qxa4 Qxb7 22. Ndc4 Ra8 23. Qb3 Nd7 24. Nb1 Rxa2 25. Nc3 Rxb2 26. Nxb2 h5 27. Nc4 Nf6 28. Ra1 h4 29. Qa4 Qd7 30. Nxb6 Qd4 31. Ne4 Nxe4 32. dxe4 h3 33. Rd1 Qb2 34. Qa8+ Kh7 35. Qc8 Qxe2 36. Qxh3+ Bh6 37. Qf1 Qxe4 38. Nd7 Qf5 39. b6 1-0